[Event "Regionalliga SO 0203"]
[Site "Bayern"]
[Date "2002.11.17"]
[Round "2.5"]
[White "Grimm, Stefan"]
[Black "Coduro, Otto"]
[Result "0-1"]
[WhiteElo "1978"]
[BlackElo "1944"]
[PlyCount "56"]
[EventDate "2002.10.20"]
[EventType "team"]
[EventRounds "9"]
[EventCountry "GER"]
[SourceTitle "EXT 2004"]
[Source "ChessBase"]
[SourceDate "2003.11.25"]
[SourceVersion "1"]
[SourceVersionDate "2003.11.25"]
[SourceQuality "1"]
[WhiteTeam "Straubing"]
[BlackTeam "Freyung"]
[WhiteTeamCountry "GER"]
[BlackTeamCountry "GER"]

1. d4 d5 2. Nf3 c6 3. e3 Bf5 4. c4 e6 5. Nc3 Nf6 6. Bd3 Bxd3 7. Qxd3 Nbd7 8. 0-0 Be7 9. b3 0-0 10. Bb2 Bb4 11. Rad1 Qe7 12. Nd2 Rad8 13. e4 dxc4 14. bxc4 e5 15. dxe5 Nxe5 16. Qc2 Nd3 17. Ba1 Rd7 18. Nb3 Rfd8 19. f3 Bc5+ 20. Kh1 Bb6 21. g3 Qb4 22. Kg2 Qxc4 23. Nd2 Qc5 24. Nb3 Qe3 25. Nd5 Nxd5 26. exd5 Rxd5 27. Qc3 f6 28. Qc4 Kf8 0-1

[Event "Regionalliga SO 0102"]
[Site "Bayern"]
[Date "2002.03.17"]
[Round "7.5"]
[White "Grimm, Stefan"]
[Black "Tuchenhagen, Axel"]
[Result "1-0"]
[WhiteElo "1970"]
[BlackElo "2095"]
[PlyCount "77"]
[EventDate "2001.10.07"]
[EventType "team"]
[EventRounds "9"]
[EventCountry "GER"]
[SourceTitle "EXT 2003"]
[Source "ChessBase"]
[SourceDate "2002.11.25"]
[SourceVersion "1"]
[SourceVersionDate "2002.11.25"]
[SourceQuality "1"]
[WhiteTeam "Straubing"]
[BlackTeam "Starnberg"]
[WhiteTeamCountry "GER"]
[BlackTeamCountry "GER"]

1. d4 e6 2. Nf3 Nf6 3. e3 Be7 4. Bd3 d6 5. 0-0 Nc6 6. c4 e5 7. d5 Nb8 8. Nfd2 Nbd7 9. Nc3 Nc5 10. Bc2 a5 11. a3 0-0 12. Rb1 Ne8 13. b4 axb4 14. axb4 Nd7 15. f4 f5 16. e4 exf4 17. exf5 Ne5 18. Rxf4 Bg5 19. Rf1 Be3+ 20. Kh1 Nf6 21. Nf3 Nxc4 22. Qd3 Bxc1 23. Rbxc1 Ne5 24. Qd4 Nfd7 25. Nb5 Nxf3 26. Rxf3 Ne5 27. Rc3 Qg5 28. Bb1 Bxf5 29. Bxf5 Rxf5 30. Rxc7 Ra2 31. Rc8+ Rf8 32. Rxf8+ Kxf8 33. Rf1+ Kg8 34. Qe4 Rf2 35. Ra1 Qf6 36. Ra8+ Kf7 37. h3 Rf1+ 38. Kh2 Qg5 39. Nxd6+ 1-0